• 首页
  • 本馆介绍
  • 公告通知
  • 最新文献
  • 馆藏检索
  • 电子资源
  • 读者导购
  • 参考咨询
  • 我的图书馆
  • 登录
  • 详细信息显示
  • 放入我的书架
  • 预约/预借图书
  • 作者相关作品
  • 分类相关作品
  • 丛书相关作品
  • 出版社相关作品

书目信息

  • 表格格式
  • 工作单格式
  • 卡片格式
题名:
化纤衣料常识
    
 
作者: ;天津财政学院商业经济系 编
分册:  
出版信息: 天津   天津人民出版社  1978
页数: 70页
开本: 19cm
丛书名:
单 册:
中图分类: TS102
科图分类:
主题词: 化学纤维织品 , 轻工业 , 手工业
电子资源:
ISBN:
000 00743nam0 2200253 45
001 0178002098
005 20060815152348.90
010    @dCNY0.17
091    @a13072.2
100    @a19950714d1978 em y0chiy0121 ea
101 0  @achi
102    @aCN@b120000
105    @ay z 000yy
200 10 @a化纤衣料常识@Ahua xian yi liao chang shi@f天津财政学院商业经济系编@Ftian jin cai zheng xue yuan shang ye jing ji xi bian
205    @a2版
210    @a天津@c天津人民出版社@d1978
215    @a70页@d19cm
606    @a化学纤维织品
606 0  @a轻工业
606 0  @a手工业
690    @aTS102@v4
711 02 @a天津财政学院商业经济系@Atian jin cai zheng xue yuan shang ye jing ji xi@4编
801  0 @aCN@bTSSF@c20060815
905    @a10447@dTS102@e1
    
    化纤衣料常识/天津财政学院商业经济系编.-2版.-天津:天津人民出版社,1978
    70页;19cm
    
    
    ISBN :CNY0.17
    
●
相关链接 在E读中查询图书 在五车中查询图书 在当当中查询图书 在豆瓣中查询图书


正题名:化纤衣料常识     索取号:TS102/1         预约/预借

序号 登录号 条形码 馆藏地/架位号 状态 备注
1 0011119   001477878   密集书库/ [索取号:TS102/1] 在馆    
2 0458559   204585591   密集书库/ [索取号:TS102/1] 在馆    
唐山师范学院图书馆 欢迎您!
大连网信软件有限公司© 版权所有